000
00307pab a2200109 454500
008
180718b xxu||||| |||| 00| 0 eng d
100
_a
Verghese, B.G
245
_a
Jammu and Kashmir - time for fresh initiatives as militancy winds down
650
_a
Jammu and Kashmir
773
_a
Indian Express
909
_a
21811
999
_c
21811
_d
21811